|
|
|
|
| LEADER |
01083nam a22002417a 4500 |
| 001 |
AAL1803 |
| 003 |
BD-DhAAL |
| 005 |
20160713113841.0 |
| 008 |
160713s 1997bg ||||| |||| 00| 0 ben d |
| 020 |
|
|
|a 9840735586
|
| 040 |
|
|
|a BD-DhAAL
|c BD-DhAAL
|
| 082 |
|
|
|a 609.73
|
| 245 |
|
|
|a আমেরিকার প্রযুক্তি /
|c সম্পাদক ক্যারল ডব্লিউ পারসেল অনুবাদ মোঃ সাইফুল হাসিব
|
| 260 |
|
|
|a ঢাকা :
|b বাংলা একাডেমী,
|c ১৯৯৭
|
| 300 |
|
|
|a ১৩৯ পৃ. ;
|c ২২ সে.মি.
|
| 541 |
|
|
|e 1803
|
| 650 |
|
|
|a technology--
|z United states
|9 19848
|
| 700 |
|
|
|a পারসেল, ক্যারল ডব্লিউ
|9 19849
|
| 700 |
|
|
|a হাসিব, সাইফুল
|9 19850
|
| 852 |
|
|
|a Savar Campus Library
|c General Shelf
|
| 942 |
|
|
|2 ddc
|c BK
|
| 999 |
|
|
|c 37660
|d 37660
|
| 952 |
|
|
|0 0
|1 0
|2 ddc
|4 0
|6 609_730000000000000_AME
|7 0
|9 59229
|a SCL
|b SCL
|c GEN
|d 2016-07-13
|g 95.00
|l 1
|o 609.73 AME
|p 3020001803
|r 2023-02-22
|s 2023-02-21
|t 1
|w 2016-07-13
|y BK
|